000 00655nam a22001937a 4500
005 20251108164154.0
008 250721s1990 xx 000 0 ara d
082 1 4 _a338.18/سال
100 1 _aالنجفي، سالم توفيق
245 1 0 _aالسياسة الإقتصادية الزراعية /
264 1 _aالموصل :
_bوزارة التعليم العالي و البحث العلمي،
_c1990.
300 _a404ص
650 1 7 _aالزراعة
650 1 7 _aالإقتصاد الزراعي
650 1 7 _aالإنتاج الزراعي
700 1 _aشريف، عبد الرزاق عبد الحميد
942 _2ddc
_cBK
999 _c5434
_d5434